Effect of Surface Modification of Zr-1%Nb Alloy on Corrosion Resistance and High-Temperature Oxidation; Surface Modification of Materials by Ion Beams (SMMIB-2019)

Bibliografske podrobnosti
Parent link:Surface Modification of Materials by Ion Beams (SMMIB-2019).— 2019.— [P. 182]
Glavni avtor: Slobodyan M. S. Mikhail Stepanovich
Corporate Authors: Национальный исследовательский Томский политехнический университет Инженерная школа новых производственных технологий Отделение материаловедения, Национальный исследовательский Томский политехнический университет Исследовательская школа физики высокоэнергетических процессов
Drugi avtorji: Pavlov S. K. Sergey Konstantinovich
Izvleček:Заглавие с экрана
Jezik:angleščina
Izdano: 2019
Serija:Biomedical and Industrial Applications. Oral Presentation
Teme:
Online dostop:https://smmib.ru/assets/files/SMMIB2019_TOMSK_full.pdf#page=183
Format: Elektronski Book Chapter
KOHA link:https://koha.lib.tpu.ru/cgi-bin/koha/opac-detail.pl?biblionumber=660904

MARC

LEADER 00000nla2a2200000 4500
001 660904
005 20231101135141.0
035 |a (RuTPU)RU\TPU\network\31033 
035 |a RU\TPU\network\31022 
090 |a 660904 
100 |a 20191106a2019 k y0engy50 ba 
101 0 |a eng 
102 |a RU 
105 |a y z 100zy 
135 |a drgn ---uucaa 
181 0 |a i  
182 0 |a b 
200 1 |a Effect of Surface Modification of Zr-1%Nb Alloy on Corrosion Resistance and High-Temperature Oxidation  |f M. S. Slobodyan, S. K. Pavlov 
203 |a Text  |c electronic 
225 1 |a Biomedical and Industrial Applications. Oral Presentation 
300 |a Заглавие с экрана 
320 |a [References: p. 182 (1 tit.)] 
463 0 |0 (RuTPU)RU\TPU\network\30793  |t Surface Modification of Materials by Ion Beams (SMMIB-2019)  |o 21st International Conference, 25-30 August 2019, Tomsk, Russia  |o abstract book  |f National Research Tomsk Polytechnic University (TPU)  |v [P. 182]  |d 2019 
610 1 |a электронный ресурс 
610 1 |a труды учёных ТПУ 
610 1 |a модификация 
610 1 |a поверхности 
610 1 |a сплавы 
610 1 |a коррозионная стойкость 
610 1 |a высокотемпературное окисление 
610 1 |a ионное облучение 
610 1 |a циркониевые сплавы 
610 1 |a коррозия 
700 1 |a Slobodyan  |b M. S.  |c Specialist in the field of management, specialist in the field of welding production  |c Associate Professor of Tomsk Polytechnic University, Candidate of technical sciences  |f 1978-  |g Mikhail Stepanovich  |2 stltpush  |3 (RuTPU)RU\TPU\pers\43098 
701 1 |a Pavlov  |b S. K.  |c physicist  |c Engineer of Tomsk Polytechnic University  |f 1990-  |g Sergey Konstantinovich  |2 stltpush  |3 (RuTPU)RU\TPU\pers\32875 
712 0 2 |a Национальный исследовательский Томский политехнический университет  |b Инженерная школа новых производственных технологий  |b Отделение материаловедения  |h 7871  |2 stltpush  |3 (RuTPU)RU\TPU\col\23508 
712 0 2 |a Национальный исследовательский Томский политехнический университет  |b Исследовательская школа физики высокоэнергетических процессов  |c (2017- )  |h 8118  |2 stltpush  |3 (RuTPU)RU\TPU\col\23551 
801 2 |a RU  |b 63413507  |c 20191106  |g RCR 
856 4 |u https://smmib.ru/assets/files/SMMIB2019_TOMSK_full.pdf#page=183 
942 |c CF